000 00356nam a2200133Ia 4500
008 220204s9999 xx 000 0 und d
082 _a677.02
_bKOR
100 _aKornreich, E
245 0 _aIntroduction to fibres and fabrics: Their manufacture and properties
260 _aLondon
_bHeywood
650 _aManmade fibres
650 _aTextile
942 _cBK
999 _c22564
_d22564